Once Upon a 'Time' Quiz Stats

Quiz Updated Mar 5, 2013

Challenge
Share
Tweet
Embed
Score 0/18 Timer 06:00
0 Plays Today
Hint Answer % Correct
What movie features a time machine made out of a DeLorean?Back to the Future
87.1%
According to the old proverb, 'a stitch in time' saves how many?Nine
80.8%
'(I've Had) The Time of My Life' was the finale song in what 1987 film?Dirty Dancing
77.3%
What title Disney song starts, 'Tale as old as time?'Beauty and the Beast
75.7%
In which musical would you hear Fantine singing, 'I dreamed a dream in time gone by?'Les Misérables
70.6%
What does the 'G' stand for in the time system, GMT?Greenwich
70.4%
Which author wrote 'The Time Machine' in 1895?H. G. Wells
68.2%
During which rock opera would you be compelled to do the 'Time Warp?'The Rocky Horror Picture Show
67.4%
What founding father wrote 'time is money' in his 'Advice to a Young Tradesman?'Benjamin Franklin
65.5%
Hint Answer % Correct
'As Time Goes By' is the song played by Sam in what classic love film?Casablanca
62.4%
Which witch used the time-turner to take multiple classes at the same time?Hermione Granger
61.4%
'A Time to Kill' was the first novel written by which lawyer turned author?John Grisham
55.6%
What video game hero is the protagonist of 'The Legend of Zelda: Ocarina of Time?'Link
53.4%
What two time Best Actor winner played a stoner in 'Fast Times at Ridgemont High?'Sean Penn
52.2%
What video game has the subtitle, 'The Sands of Time?'Prince of Persia
49.7%
In Doctor Who, what is The Doctor's Time and Relative Dimension in Space better known as?TARDIS
45.3%
What aviator/author/inventor/explorer was Time Magazine's first Person of the Year?Charles Lindbergh
38.6%
'Closing Time' is a song by what alternative rock band?Semisonic
28.2%

You're not logged in!

Compare scores with friends on all Sporcle quizzes.
Join for Free
OR
Log In

You Might Also Like...

Show Comments

Extras

Top Quizzes Today


Score Distribution

Your Account Isn't Verified!

In order to create a playlist on Sporcle, you need to verify the email address you used during registration. Go to your Sporcle Settings to finish the process.

Report this User

Report this user for behavior that violates our Community Guidelines.

Details: